00498nam a22001577a 450000500170000001000150001702000300003203500140006203700130007608200120008924501000010126000510020127000440025230000200029670000240031620220906161247.0 aENG-134905 c400.00a978-93-5287-613-6 aEN-118437 bDBAD/PUB a333.954 aNature conservation in the new Economy/ cedited by Ghazala Shahabuddin and K. Sivaramakrishnan c2019bOrient Blackswan Private Ltd.aHyderabad a3-6-752 HimayatnagarbHyderabade500029 a291p.c21cm(hb) aGhazala Shahabuddin